Which?
Na minha lista:
| Formato: | Periódico |
|---|---|
| Idioma: | inglês |
| Publicado em: |
London
Consumers Association
1985
|
| Tags: |
Sem tags, seja o primeiro a adicionar uma tag!
|
MARC
| LEADER | 00000nas2a2200000 4500 | ||
|---|---|---|---|
| 001 | s105253 | ||
| 005 | 20250730114156.3 | ||
| 041 | 0 | |a eng | |
| 044 | |a GB | ||
| 245 | 1 | 0 | |a Which? |
| 264 | 1 | |a London |b Consumers Association |c 1985 | |
| 300 | |a 1 zv. | ||
| 773 | 0 | |w eu_un_cat*s120926 | |